Cuentos escritos a máquina / (Record no. 208184)

MARC details
000 -CABECERA
campo de control de longitud fija 00954cam a22002654a 4500
003 - IDENTIFICADOR DEL NÚMERO DE CONTROL
campo de control UPN
005 - FECHA Y HORA DE LA ÚLTIMA TRANSACCIÓN
campo de control 20240924071318.0
008 - ELEMENTOS DE LONGITUD FIJA--INFORMACIÓN GENERAL
campo de control de longitud fija 220221s1987 es ||||| |||| 00| 1 spa d
020 ## - NÚMERO INTERNACIONAL NORMALIZADO PARA LIBROS
Número Internacional Estándar del Libro 8434586045
040 ## - FUENTE DE LA CATALOGACIÓN
Centro catalogador/agencia de origen UPN
Lengua de catalogación spa
Centro/agencia transcriptor UPN
050 #4 - SIGNATURA TOPOGRÁFICA DE LA BIBLIOTECA DEL CONGRESO
Número de clasificación PZ78
Número de documento/Ítem R6.33
100 1# - ASIENTO PRINCIPAL--NOMBRE PERSONAL
Nombre de persona Rodari, Gianni,
Fechas asociadas al nombre 1920-1980
9 (RLIN) 31875
240 10 - TÍTULO UNIFORME
Título uniforme Novelle fatte a machina.
Lenguaje de la obra Español
245 10 - MENCIÓN DE TÍTULO
Título Cuentos escritos a máquina /
Mención de responsabilidad, etc. Gianni Rodari ; traducción de Esther Benítez ; ilustraciones de Fuencisla del Amo.
260 ## - PUBLICACIÓN, DISTRIBUCIÓN, ETC.
Lugar de publicación, distribución, etc. Barcelona, Esp.:
Nombre del editor, distribuidor, etc. Salvat :
-- Alfaguara,
Fecha de publicación, distribución, etc. 1987.
300 ## - DESCRIPCIÓN FÍSICA
Extensión 270 páginas :
Otras características físicas ilustraciones
490 ## - MENCIÓN DE SERIE
Mención de serie Biblioteca juvenil ;
Designación de volumen o secuencia 24
500 ## - NOTA GENERAL
Nota general Traducción de: Novelle fatte a machina.
650 #4 - ASIENTO SECUNDARIO DE MATERIA - TERMINO TEMATICO
Término de materia o nombre geográfico como elemento de entrada Literatura juvenil
9 (RLIN) 5153
650 #4 - ASIENTO SECUNDARIO DE MATERIA - TERMINO TEMATICO
Término de materia o nombre geográfico como elemento de entrada Literatura italiana
Subdivisión cronológica Siglo XX
9 (RLIN) 18897
650 #4 - ASIENTO SECUNDARIO DE MATERIA - TERMINO TEMATICO
Término de materia o nombre geográfico como elemento de entrada Literatura infantil
9 (RLIN) 4445
700 1# - ASIENTO SECUNDARIO--NOMBRE DE PERSONAL
Nombre de persona Benítez, Esther,
Término indicativo de función/relación tr.
9 (RLIN) 43827
700 1# - ASIENTO SECUNDARIO--NOMBRE DE PERSONAL
Nombre de persona Amo, Fuencisla del,
Fechas asociadas al nombre 1950-
Término indicativo de función/relación ilustradora
9 (RLIN) 43828
942 ## - ELEMENTOS DE PUNTO DE ACCESO ADICIONAL (KOHA)
Fuente del sistema de clasificación o colocación Library of Congress Classification
Tipo de ítem Koha Libro
Holdings
Estado de retiro Estado de pérdida Fuente del sistema de clasificación o colocación Estado dañado No para préstamo Código de colección Localización permanente Ubicación/localización actual Ubicación en estantería Fecha de adquisición Clasificación Código de barras Fecha visto por última vez Precio válido a partir de Tipo de ítem Koha Número de copia
    Library of Congress Classification     Infantil Bib. Gregorio Torres Quintero Bib. Gregorio Torres Quintero Sala infantil Planta baja 21/02/2022 PZ78 R6.33 95232 21/02/2022 21/02/2022 Libro  
    Library of Congress Classification     Infantil Bib. Gregorio Torres Quintero Bib. Gregorio Torres Quintero Sala infantil Planta baja 21/02/2022 PZ78 R6.33 95233 21/02/2022 21/02/2022 Libro Ej.2
    Library of Congress Classification     Infantil Bib. Gregorio Torres Quintero Bib. Gregorio Torres Quintero Colecciones especiales Planta alta 18/05/2023 PZ78 R6.33 95234 18/05/2023 18/05/2023 Libro Ej.3